000 01895nam a22002057a 4500
999 _c58572
_d58572
003 Ge_BSU
005 20220606130911.0
008 220606s2020 ge ||||| |||| 00| 0 geo d
020 _a9789941823862
041 _ageo
080 _a81'374.26:27-284=111=353.1 ლ-95
100 _aლურსმანაშვილი, გურამ
_913984
245 _aსაღვთისმეტყველო ტერმინთა ინგლისურ-ქართული ლექსიკონი /
_c გურამ ლურსმანაშვილი ; რედაქტორი თამარ გოგუაძე ; სულხან-საბა ორბელიანის უნივერსიტეტის თეოლოგიისა და ფილოსოფიის ინსტიტუტი, წმ. გრიგოლ პალამას სახ. მართლმადიდებლური ღვთისმეტყველების ცენტრი.
264 _aთბილისი :
_bსულხან-საბა ორბელიანის უნივერსიტეტის გამომცემლობა,
_c2020.
300 _a98 გვ. ;
_b 20 სმ.
653 _aსაღვთისმეტყველო ინგლისურ-ქართული ლექსიკონი
700 _aგოგუაძე, თამარ
_eრედაქტორი
_913985
710 _aსულხან-საბა ორბელიანის უნივერსიტეტის თეოლოგიისა და ფილოსოფიის ინსტიტუტი.
_bწმ. გრიგოლ პალამას სახ. მართლმადიდებლური ღვთისმეტყველების ცენტრი.
_913986
942 _2udc
_cBK